Patanjala yoga Darsanam (Record no. 64587)
[ view plain ]
| 000 -LEADER | |
|---|---|
| fixed length control field | 00512nam a2200181Ia 4500 |
| 001 - CONTROL NUMBER | |
| control field | 63484 |
| 008 - FIXED-LENGTH DATA ELEMENTS--GENERAL INFORMATION | |
| fixed length control field | 190716n ii |||gr||||Z||||||491 |
| 020 ## - INTERNATIONAL STANDARD BOOK NUMBER | |
| International Standard Book Number | 81-218-0186-9 |
| 082 ## - DEWEY DECIMAL CLASSIFICATION NUMBER | |
| Classification number | 181 |
| 100 ## - MAIN ENTRY--PERSONAL NAME | |
| Personal name | Tripathi, Rama Shankar , |
| Relator term | Author. |
| 245 #0 - TITLE STATEMENT | |
| Title | Patanjala yoga Darsanam |
| Statement of responsibility, etc. | By Rama Shankar Tripathi |
| Medium | Textual Documents |
| 260 ## - PUBLICATION, DISTRIBUTION, ETC. | |
| Place of publication, distribution, etc. | Varanasi |
| Name of publisher, distributor, etc. | Chowkhamba Krishnadas Academy |
| 300 ## - PHYSICAL DESCRIPTION | |
| Extent | 202pg: |
| Dimensions | 21cm. |
| 653 ## - INDEX TERM--UNCONTROLLED | |
| Uncontrolled term | Religion |
| 653 ## - INDEX TERM--UNCONTROLLED | |
| Uncontrolled term | Patanjala yoga Darsanam |
| 653 ## - INDEX TERM--UNCONTROLLED | |
| Uncontrolled term | G- Religion |
| 942 ## - ADDED ENTRY ELEMENTS (KOHA) | |
| Source of classification or shelving scheme | Dewey Decimal Classification |
| Koha item type | Books |
| Withdrawn status | Lost status | Damaged status | Not for loan | Collection | Home library | Current library | Shelving location | Date acquired | Coded location qualifier | Total checkouts | Full call number | Barcode | Date due | Date last seen | Date last checked out | Copy number | Price effective from | Koha item type |
|---|---|---|---|---|---|---|---|---|---|---|---|---|---|---|---|---|---|---|
| Dr. Suryya Kumar Bhuyan Library | Dr. Suryya Kumar Bhuyan Library | 16/07/2019 | 00000 | 2 | 181.451 Tr 73 Pa | 429/cu | 04/03/2026 | 11/02/2026 | 11/02/2026 | 1 | 16/07/2019 | Books |
